000 00602nam a2200193Ii 4500
003 JO-AjNU
008 230606s9999||||xx |||||||||||||| ||und||
040 _aJO-AjNU
_beng
_erda
_cJO-AjNU
041 _aeng
050 1 4 _aPS535. N56 1987
100 3 _aedited Lnge , Thomas M,
_eauthor
_95505
245 0 2 _aA Nineteenth-Century American Reader
264 3 1 _aWashington :United States Information Agency ,1987
300 _a379p
336 _atext
_btxt
_2rdacontent
337 _aunmediated
_bn
_2rdamedia
338 _avolume
_bnc
_2rdacarrier
650 4 _aAmerican literture --19 thcentury. 
_95506
999 _aE2847
_c2845
_d2845